000 01533cam a22004574i 4500
003 PE-LiUPU
005 20250731184515.0
008 150617s r 000 0 d
035 _a(Sirsi) a16697
040 _aPE-LiUPU
_bspa
_cPE-LiUPU
_erda
049 _aPRUA
082 0 4 _a918.508
_bD419
_221
100 _aCortázar, Pedro Felipe,
_d1925-
_edirector.
_93051
245 1 0 _aDepartamento de Arequipa /
_n[Pedro Felipe Cortázar, director].
264 1 _aLima :
_bIOPPE,
_c1986.
300 _a160 páginas :
_bilustraciones, fotos, retratos ;
_c20 centímetros.
336 _atext
_2rdacontent
337 _aunmediated
_2rdamedia
338 _avolume
_2rdacarrier
490 0 _aDocumental del Perú. Enciclopedia nacional básica ;
_v3
505 0 _aGeografía -- La ciudad de Arequipa -- Las provincias -- Folklore -- Economía -- Cultura -- Arqueología -- Historia -- Personajes.
526 _aP136
526 _aP135
526 _aP134
526 _aP133
526 _aP144
526 _aP143
526 _aP87
526 _aP35
526 _aP20
526 _aP14
526 _aP10
526 _aP06
651 1 8 _aArequipa (Perú : Departamento)
_xDescripciones y viajes.
_93050
740 _aDocumental del Perú : departamento de Arequipa.
910 _ajck
942 _2ddc
_cBK
949 _wDEWEY
_c1
_i27731
_lCCODEBUL1
_mBUL
_r0
_sY
_tBOOK
_u2015-04-21
_xEDUCACION
_zUNKNOWN
_0COMPRA
_o.STAFF. Colección General
980 _81
_gALBERTO SANCHEZ Responsable de Automatización
999 _c15718
_d15718